| 000 | 00833nam a22002537a 4500 | ||
|---|---|---|---|
| 003 | UA-OsUOA | ||
| 001 | 21273 | ||
| 007 | ta | ||
| 008 | 20031125b un ||||| |||| 00| 0 ukr d | ||
| 090 |
_a331.5 _bС69 |
||
| 942 | _cBK | ||
| 040 |
_aUA-OsUOA _bukr _cUA-OsUOA _dUA-OsUOA |
||
| 245 |
_aСоціальні пріоритети ринку праці в умовах структурної модернізації: Міжнародна науково-практична конференція (Київ, 19-20 вересня 2000р.) економіки _bНаукові доповіді |
||
| 300 | _a598 с. | ||
| 955 | _a0 | ||
| 041 | _aukr | ||
| 080 | _a331.5 | ||
| 020 | _a966-02-1919-9 | ||
| 260 |
_aКиїв _bПринт-Експрес _c2000 |
||
| 246 | 3 | 1 |
_aТ. 2 _n |
| 044 | _aUA | ||
| 650 | 7 | _2UDC | |
| 999 |
_c307467 _d307467 |
||